000 00424nam a2200193Ia 4500
003 OSt
005 20251110105434.0
008 250729s2003 xx 000 0 und d
020 _a9789352645817
040 _cAL
041 _aeng
082 _a921 KAUM
100 _aMurthy Srinivasa
_9224077
245 _aKautilya
260 _aBangalore
_c2003
300 _a46p
650 _aHistory
_9224078
942 _2ddc
_cBED
999 _c236232
_d236232